<?xml version="1.0" encoding="UTF-8"?>
<marc:record xmlns:marc="http://www.loc.gov/MARC21/slim">
   <marc:leader>00000nam a2200000 a 4500</marc:leader>
   <marc:datafield ind1="1" ind2=" " tag="100">
      <marc:subfield code="a">Ossowski, Leonie</marc:subfield>
      <marc:subfield code="4">aut</marc:subfield>
      <marc:subfield code="e">Verfasser/-in</marc:subfield>
   </marc:datafield>
   <marc:datafield ind1="0" ind2="0" tag="245">
      <marc:subfield code="a">Die Maklerin</marc:subfield>
   </marc:datafield>
   <marc:datafield ind1="0" ind2="0" tag="245">
      <marc:subfield code="c">Leonie Ossowski</marc:subfield>
   </marc:datafield>
   <marc:datafield ind1=" " ind2="1" tag="264">
      <marc:subfield code="a">Berlin</marc:subfield>
      <marc:subfield code="b">ullstein-taschenbuchverlag</marc:subfield>
      <marc:subfield code="c">2004</marc:subfield>
   </marc:datafield>
   <marc:datafield ind1=" " ind2=" " tag="250">
      <marc:subfield code="a">1. Aufl.</marc:subfield>
   </marc:datafield>
   <marc:datafield ind1="1" ind2=" " tag="520">
      <marc:subfield code="a">Die Beziehungen zwischen Freud und einigen Dichtern waren intensiv. Neben der Neugierde der Dichter stand oft die Bedrohung, fast die Furcht vor der Verdrängung durch die Psychoanalyse. Das gewohnte, von intuitiver Psychologie getragene Erzählen des 19. Jahrhunderts ging mit Freud seinem Ende zu. Cremerius zeigt, welche Strategien des Verleugnens und Herunterspielens die Autoren bezüglich der Psychoanalyse entwickelten. Aufschlussreich dabei ist, wie sich die Haltung bestimmter Autoren zu Freud entwickelt und welche Folgen das für ihr Gesamtwerk hat. Die Leser erfahren viel über die sich darin darstellende Psychodynamik, nicht nur des Autors, sondern der von ihm imaginierten Figuren. Meisterlich gelingt Cremerius die Darstellung der lebenslänglichen und fast gänzlich geleugneten Beschäftigung Musils mit der Psychoanalyse.</marc:subfield>
   </marc:datafield>
   <marc:datafield ind1=" " ind2=" " tag="020">
      <marc:subfield code="a">354825814X</marc:subfield>
      <marc:subfield code="9">354825814X</marc:subfield>
   </marc:datafield>
   <marc:datafield ind1=" " ind2=" " tag="300">
      <marc:subfield code="a">253 S.</marc:subfield>
   </marc:datafield>
</marc:record>
